Calgary Int'l Airport (YYC) Destinations - Statistics

General Stats
  • This quiz has been taken 93 times
    18 since last reset
  • The average score is 62 of 103
Answer Stats
Hint Airlines Answer % Correct
Canada Air Canada, WestJet, Air North Edmonton (AB)
94%
United Kingdom Air Canada, WestJet London (Heathrow) (ENG)
94%
Canada WestJet London (ON)
94%
Netherlands KLM Amsterdam
88%
United States American Dallas/Fort Worth (TX)
88%
United States WestJet Los Angeles (CA)
88%
Canada Air Canada, WestJet, Porter Montreal (Trudeau) (QC)
88%
United States WestJet New York City (JFK) (NY)
88%
United States American New York City (LaGuardia) (NY)
88%
France WestJet Paris (Charles de Gualle)
88%
United States WestJet, United San Francisco (CA)
88%
United States WestJet, Alaska Seattle/Tacoma (WA)
88%
Canada Air Canada, WestJet, Porter, Flair Toronto (Pearson) (ON)
88%
Canada Air Canada, WestJet, Flair Vancouver (BC)
88%
United States WestJet Atlanta (GA)
82%
United States WestJet, American, United Chicago (O'Hare) (IL)
82%
United States WestJet, United Denver (CO)
82%
Ireland WestJet Dublin
82%
Canada Air Canada, WestJet Ottawa (ON)
82%
Canada Air Canada, WestJet, Flair Winnipeg (MB)
82%
United States WestJet Austin (TX)
76%
Spain WestJet Barcelona (CT)
76%
Belize WestJet Belize City
76%
United States WestJet Boston (MA)
76%
Mexico WestJet Cancun (QR)
76%
Canada WestJet Halifax (NS)
76%
United States WestJet, United Houston (Bush) (TX)
76%
Panama WestJet Panama City (Tocumen)
76%
United States WestJet Phoenix (AZ)
76%
Canada WestJet Quebec City (QC)
76%
Canada WestJet Saskatoon (SK)
76%
Japan Air Canada Tokyo (Narita)
76%
Canada WestJet, Flair Victoria (BC)
76%
United States United Washington (Dulles) (D.C./VA)
76%
United States American Charlotte (NC)
71%
Canada Air Canada, WestJet Fort McMurray (AB)
71%
Canada WestJet, Porter Hamilton (ON)
71%
Canada Air Canada, WestJet, Flair Kelowna (BC)
71%
Mexico WestJet Mexico City (D.F.)
71%
Germany Discover Munich
71%
Canada WestJet Regina (SK)
71%
Italy WestJet Rome (LAZ)
71%
United States WestJet, Delta Salt Lake City (UT)
71%
United States WestJet San Diego (CA)
71%
South Korea WestJet Seoul (Incheon)
71%
Canada WestJet St. John's (NL)
71%
Canada WestJet Thunder Bay (ON)
71%
Canada WestJet Yellowknife (NT)
71%
Switzerland Edelweiss Air Zurich
71%
Canada WestJet, Flair Abbotsford (BC)
65%
Germany Condor, Discover Frankfurt
65%
Mexico WestJet Los Cabos (BCS)
65%
United States Delta Minneapolis/St. Paul (MN)
65%
United States WestJet Nashville (TN)
65%
United States Air Canada Newark (NJ)
65%
Dominican Republic WestJet Punta Cana
65%
Canada WestJet, Air North Whitehorse (YT)
65%
United States WestJet Detroit (MI)
59%
United States WestJet Honolulu (HI)
59%
Jamaica WestJet Montego Bay
59%
United States WestJet Portland (OR)
59%
Canada WestJet, Central Mountain Air Prince George (BC)
59%
United States WestJet Tampa (FL)
59%
United States WestJet Anchorage (AK)
53%
Canada WestJet Fredericton (NB)
53%
Canada WestJet Kamloops (BC)
53%
Canada WestJet Lethbridge (AB)
53%
Canada WestJet Moncton (NB)
53%
Bahamas WestJet Nassau
53%
Mexico WestJet, Flair Puerto Vallarta (JA)
53%
Brazil WestJet Sao Paulo (Guarulhos)
53%
Canada WestJet, Flair Waterloo (ON)
53%
Canada WestJet Windsor (ON)
53%
Canada WestJet Brandon (MB)
47%
United Kingdom WestJet Edinburgh (SCT)
47%
Canada Air Canada, WestJet Grande Prairie (AB)
47%
Canada WestJet Nanaimo (BC)
47%
Canada WestJet Charlottetown (PEI)
41%
Mexico WestJet Cozumel (QR)
41%
Canada WestJet Medicine Hat (AB)
41%
United States WestJet Raleigh/Durham (NC)
41%
Canada WestJet Comox (BC)
35%
Mexico WestJet Guadalajara (JA)
35%
Mexico WestJet Huatulco (OA)
35%
United States WestJet Kahului (HI)
35%
Costa Rica WestJet Liberia (GU)
35%
Mexico WestJet Mazatlan (SI)
35%
Dominican Republic WestJet Puerto Plata
35%
Canada WestJet Sydney (NS)
35%
Cuba WestJet Varadero
35%
United States WestJet Kailua-Kona (HI)
29%
Canada WestJet Penticton (BC)
29%
Mexico WestJet Puerto Escondido (OA)
29%
Canada WestJet Sudbury (ON)
29%
Mexico WestJet Tulum (QR)
29%
Canada WestJet Deer Lake (NL)
24%
Mexico WestJet Ixtapa/Zihuatenejo (GR)
24%
Mexico WestJet Manzanillo (CL)
24%
Canada Air Canada Terrace/Kitimat (BC)
24%
Canada WestJet Cranbrook (BC)
18%
Canada WestJet Fort St. John (BC)
18%
Mexico WestJet Loreto (BCS)
12%
Mexico WestJet Tepic (NA)
12%
No matching quizzes found
Score Distribution
Percent of People with Each Score
Percentile by Number Answered
Your Score History
You have not taken this quiz since the last reset